000 01080nam0a22002651 4500
001 rc\9764
005 20021204101835.6
035 _a(NLR Aleph) 005298953
090 _a6269062
_c6269062
100 _a20021204d1996 u |0rusy50 ca
101 0 _arus
102 _aRU
105 _ay |||||||||
200 1 _aАграрный вопрос в России в начале XX столетия
_eОбзор
_f[В.С. Коновалов
_gОтв. ред. к. и. н. В.М. Шевырин]
210 _aМ.
_cИНИОН
_d1996
215 _a157, [1] с.
_d21
225 1 _aСерия "Отечественная история"
_fРос. акад. наук. Ин-т науч. информ. по обществ. наукам
320 _aБиблиогр.: с. 144-158 (183 назв.)
701 1 _aКоновалов
_bВ. С.
712 0 2 _aИнститут науч. информации по общественным наукам
_cМосква
_3RU\NLR\AUTH\88992
801 0 _aRU
_bNLR
_gpsbo
801 1 _aRU
_bELAR
_2rusmarc
852 _aNLR
_j96-3/7022
942 _cBOOK
980 _aNB